000 00528nam a2200193Ia 4500
008 151119s9999||||xx |||||||||||||| ||und||
082 _a927.92
082 _bGKKV2323
100 _aपेंडसे मामा
245 _aकेशराचे शेत
260 _a--
260 _b--
260 _c1986
600 _aपेंडसे मामा
630 _aकेशराचे शेत
700 _aपेंडसे मामा
730 _aकेशराचे शेत
942 _cBOOK
999 _c1058333
_d1058330